000 00442nam a2200181Ia 4500
001 8799
005 20260306160636.0
008 260306t2006||||xx |||||||||||||| ||spa||
041 _aESP
082 _a371.337
_bL34
100 _aLebrero Baena, Teresa
_eAUT
245 0 _aProyecto de educación infantil a través del juego
260 _c2006
300 _a223páginas :
_c
650 _aGEN
654 _aCED
942 _cLIB
_dJUS
_fJUS
_2ddc
_n
999 _c8799
_d8799